| 000 | 00652nam a2200205Ia 4500 | ||
|---|---|---|---|
| 003 | GCL | ||
| 008 | 140319s9999 xx 000 0 ara d | ||
| 040 |
_aGCL / _cGCL |
||
| 082 | 0 | 4 |
_a658 _bد ا |
| 100 | 1 | _aدراكر، بيتر | |
| 245 | 1 | 0 |
_aالادارة: المهام - المسئوليات - التطبيقات / _cدراكر، بيتر |
| 700 | 1 | _aمحمد عبدالكريم (ترجمة) | |
| 700 | 1 | _aنادية الهادى (مراجعة) | |
| 300 | _aمتعدد | ||
| 490 | _a | ||
| 650 | 0 | 4 | _aادارة الافراد |
| 650 | 0 | 4 | _aالرؤساء والمديرون |
| 650 | 0 | 4 | _aالادارة - نظريات |
| 942 |
_2ddc _cBK |
||
| 999 |
_c45276 _d45276 |
||